Basic accounting
This text discusses the fundamental principles and techniques used in accounting. It begins with an introduction to accounting and then presents the double entry system, explains the rules of writing journal and ledger entries, teaches preparation of final accounts, and elaborates on the management...
محفوظ في:
| المؤلف الرئيسي: | |
|---|---|
| مؤلفون آخرون: | |
| التنسيق: | كتاب |
| منشور في: |
New Delhi :
Prentice Hall of India Private Limited,
c2008.
|
| الموضوعات: | |
| الوسوم: |
إضافة وسم
لا توجد وسوم, كن أول من يضع وسما على هذه التسجيلة!
|
MARC
| LEADER | 00000nam a2200000 4500 | ||
|---|---|---|---|
| 005 | 20251008065847.0 | ||
| 020 | |a 9788120333192 |c TZS 13,981/= | ||
| 040 | |a MCCL |b eng. |e AACR 2nd rev. ed. | ||
| 082 | |a 657 SOF | ||
| 100 | |a Sofat, Rajni | ||
| 245 | |a Basic accounting |c / Rajni Sofat and Preeti Hiro | ||
| 260 | |a New Delhi : |b Prentice Hall of India Private Limited, |c c2008. | ||
| 300 | |a xii, 440 p. : |b ill. ; |c 24 cm. | ||
| 504 | |a Includes index | ||
| 520 | |a This text discusses the fundamental principles and techniques used in accounting. It begins with an introduction to accounting and then presents the double entry system, explains the rules of writing journal and ledger entries, teaches preparation of final accounts, and elaborates on the management accounting process. | ||
| 546 | |a eng. | ||
| 650 | |a Accounting | ||
| 700 | |a Hiro, P. | ||
| 942 | |c BK | ||
| 999 | |c 11142 |d 11142 | ||